[Event "African Online-ch U20-Open 2021"]
[Site "Online"]
[Date "2021.02.01"]
[Round "2.17"]
[White "Pungo, Honorato"]
[Black "Karania, Hardiv"]
[Result "1-0"]
[WhiteElo "1550"]
[BlackElo "1317"]
[Annotator "NA RC"]
[PlyCount "115"]
[EventDate "2021.02.01"]
[EventType "swiss"]
[EventCountry "NET"]
[SourceTitle "playchess.com"]
[Source "ChessBase"]
[SourceQuality "1"]
[TimeControl "1500+10"]

1. e4 {[%emt 0:00:00]} e5 {[%emt 0:00:06]} 2. Nf3 {[%emt 0:00:04]} Nc6 {[%emt 0:00:04]} 3. Bc4 {[%emt 0:00:04]} Bc5 {[%emt 0:00:16]} 4. c3 {[%emt 0:00:04]} d6 {[%emt 0:00:10]} 5. d4 {[%emt 0:00:05]} exd4 {[%emt 0:00:23]} 6. cxd4 {[%emt 0:00:04]} Bb4+ {[%emt 0:00:03]} 7. Bd2 {[%emt 0:00:03]} Bxd2+ {[%emt 0:00:13]} 8. Nbxd2 {[%emt 0:00:04]} Nge7 {[%emt 0:00:07]} 9. O-O {[%emt 0:00:46]} O-O {[%emt 0:00:04]} 10. h3 {[%emt 0:00:04]} a6 {[%emt 0:00:17]} 11. a4 {[%emt 0:00:14]} Ng6 {[%emt 0:00:08]} 12. Re1 {[%emt 0:00:23]} Be6 {[%emt 0:00:32]} 13. d5 {[%emt 0:00:05]} Nge5 {[%emt 0:00:25]} 14. dxe6 {[%emt 0:00:10]} fxe6 {[%emt 0:00:03]} 15. Bxe6+ {[%emt 0:00:07]} Kh8 {[%emt 0:00:04]} 16. Bd5 {[%emt 0:00:24]} Nxf3+ {[%emt 0:00:38]} 17. Nxf3 {[%emt 0:00:05]} Qd7 {[%emt 0:00:53]} 18. b3 {[%emt 0:00:23]} Rae8 {[%emt 0:00:14]} 19. Rc1 {[%emt 0:00:17]} Ne5 {[%emt 0:02:14]} 20. Nxe5 {[%emt 0:00:08]} Rxe5 {[%emt 0:00:04]} 21. Bxb7 {[%emt 0:00:07]} Qf7 {[%emt 0:00:13]} 22. Rf1 {[%emt 0:00:46]} a5 {[%emt 0:00:26]} 23. Bd5 {[%emt 0:00:07]} Qd7 {[%emt 0:00:18]} 24. Qg4 {[%emt 0:00:14]} Qe7 {[%emt 0:00:19]} 25. f4 {[%emt 0:00:40]} h5 {[%emt 0:00:53]} 26. Qg3 {[%emt 0:00:38]} h4 {[%emt 0:01:13]} 27. Qg4 {[%emt 0:00:08]} Rxd5 {[%emt 0:00:13]} 28. exd5 {[%emt 0:00:05]} Qe3+ {[%emt 0:00:34]} 29. Kh1 {[%emt 0:00:05]} Qxb3 {[%emt 0:00:26]} 30. Rxc7 {[%emt 0:00:15]} Qb2 {[%emt 0:00:14]} 31. Qxh4+ {[%emt 0:00:52]} Kg8 {[%emt 0:00:09]} 32. Qg4 {[%emt 0:00:09]} Qf6 {[%emt 0:00:42]} 33. Qe6+ {[%emt 0:00:07]} Qxe6 {[%emt 0:00:07]} 34. dxe6 {[%emt 0:00:02]} Re8 {[%emt 0:00:05]} 35. f5 {[%emt 0:00:04]} d5 {[%emt 0:00:13]} 36. Rd7 {[%emt 0:00:04]} d4 {[%emt 0:00:11]} 37. Rxd4 {[%emt 0:00:04]} Kf8 {[%emt 0:00:02]} 38. Rd7 {[%emt 0:00:05]} Rb8 {[%emt 0:00:18]} 39. Ra7 {[%emt 0:00:14]} Rb4 {[%emt 0:00:04]} 40. Rxa5 {[%emt 0:00:06]} Ke7 {[%emt 0:00:02]} 41. g4 {[%emt 0:00:06]} Kf6 {[%emt 0:00:04]} 42. Ra7 {[%emt 0:00:06]} Rb3 {[%emt 0:00:05]} 43. Kg2 {[%emt 0:00:04]} Rb2+ {[%emt 0:00:05]} 44. Rf2 {[%emt 0:00:04]} Rb3 {[%emt 0:00:16]} 45. a5 {[%emt 0:00:05]} Ra3 {[%emt 0:00:11]} 46. a6 {[%emt 0:00:02]} Kg5 {[%emt 0:00:10]} 47. Rxg7+ {[%emt 0:00:05]} Kh4 {[%emt 0:00:02]} 48. Rh7+ {[%emt 0:00:15]} Kg5 {[%emt 0:00:04]} 49. a7 {[%emt 0:00:03]} Kf6 {[%emt 0:00:09]} 50. h4 {[%emt 0:00:12]} Ra4 {[%emt 0:00:05]} 51. g5+ {[%emt 0:00:08]} Ke5 {[%emt 0:00:07]} 52. e7 {[%emt 0:00:11]} Rg4+ {[%emt 0:00:05]} 53. Kh3 {[%emt 0:00:05]} Ra4 {[%emt 0:00:13]} 54. e8=N {[%emt 0:00:18]} Ra3+ {[%emt 0:00:08]} 55. Kg2 {[%emt 0:00:05]} Ra4 {[%emt 0:00:12]} 56. Re7+ {[%emt 0:00:04]} Kd4 {[%emt 0:00:03]} 57. Rf4+ {[%emt 0:00:03]} Kc3 {[%emt 0:00:08]} 58. Rxa4 {[%emt 0:00:03]} 1-0

[Event "African Online-ch U20-Open 2021"]
[Site "Online"]
[Date "2021.02.01"]
[Round "2.18"]
[White "Wael, Abdel Rahman"]
[Black "Belattar, Mohamed Walid"]
[Result "1-0"]
[WhiteElo "1570"]
[BlackElo "1214"]
[Annotator "NA RC"]
[PlyCount "101"]
[EventDate "2021.02.01"]
[EventType "swiss"]
[EventCountry "NET"]
[SourceTitle "playchess.com"]
[Source "ChessBase"]
[SourceQuality "1"]
[TimeControl "1500+10"]

1. d4 {[%emt 0:00:00]} Nf6 {[%emt 0:00:05]} 2. Bf4 {[%emt 0:00:20]} e6 {[%emt 0:00:12]} 3. e3 {[%emt 0:00:12]} b6 {[%emt 0:00:14]} 4. Nf3 {[%emt 0:00:04]} Bb7 {[%emt 0:00:08]} 5. Nbd2 {[%emt 0:00:30]} Nc6 {[%emt 0:00:19]} 6. c3 {[%emt 0:00:03]} Be7 {[%emt 0:00:09]} 7. Bd3 {[%emt 0:00:12]} O-O {[%emt 0:00:23]} 8. Ne5 {[%emt 0:00:09]} Nxe5 {[%emt 0:01:50]} 9. dxe5 {[%emt 0:00:05]} Ne8 {[%emt 0:05:07]} 10. Qg4 {[%emt 0:00:55]} f5 {[%emt 0:02:27]} 11. Qh3 {[%emt 0:00:08]} g5 {[%emt 0:02:09]} 12. Qg3 {[%emt 0:01:17]} Ng7 {[%emt 0:01:03]} 13. Bxg5 {[%emt 0:02:11]} Bxg5 {[%emt 0:00:14]} 14. h4 {[%emt 0:00:06]} Be7 {[%emt 0:04:09]} 15. h5 {[%emt 0:00:04]} Kh8 {[%emt 0:08:09]} 16. Nf3 {[%emt 0:00:23]} Bxf3 {[%emt 0:00:46]} 17. gxf3 {[%emt 0:00:10]} Rg8 {[%emt 0:00:06]} 18. Qh3 {[%emt 0:00:14]} Ne8 {[%emt 0:00:10]} 19. O-O-O {[%emt 0:00:12]} c6 {[%emt 0:00:14]} 20. f4 {[%emt 0:00:03]} Nc7 {[%emt 0:00:04]} 21. e4 {[%emt 0:00:17]} fxe4 {[%emt 0:00:11]} 22. Bxe4 {[%emt 0:00:02]} Nd5 {[%emt 0:00:05]} 23. f5 {[%emt 0:00:20]} Bg5+ {[%emt 0:00:16]} 24. Kb1 {[%emt 0:00:25]} Nf4 {[%emt 0:00:12]} 25. Qf3 {[%emt 0:00:16]} Nd5 {[%emt 0:00:10]} 26. c4 {[%emt 0:01:40]} Nc7 {[%emt 0:00:11]} 27. Bxc6 {[%emt 0:00:09]} dxc6 {[%emt 0:00:08]} 28. Rxd8 {[%emt 0:00:04]} Raxd8 {[%emt 0:00:05]} 29. Qxc6 {[%emt 0:00:14]} Rc8 {[%emt 0:00:05]} 30. Qe4 {[%emt 0:00:14]} exf5 {[%emt 0:00:13]} 31. Qxf5 {[%emt 0:00:05]} Rcf8 {[%emt 0:00:07]} 32. Qd7 {[%emt 0:00:21]} Rg7 {[%emt 0:00:19]} 33. Qd6 {[%emt 0:00:59]} Rd8 {[%emt 0:00:13]} 34. Qc6 {[%emt 0:00:17]} Ne8 {[%emt 0:00:10]} 35. Qe4 {[%emt 0:00:40]} Rgd7 {[%emt 0:00:09]} 36. Qf5 {[%emt 0:00:34]} Rg7 {[%emt 0:00:11]} 37. h6 {[%emt 0:00:12]} Rg8 {[%emt 0:00:08]} 38. f4 {[%emt 0:00:48]} Be7 {[%emt 0:00:09]} 39. Qe6 {[%emt 0:00:13]} Bf8 {[%emt 0:00:12]} 40. f5 {[%emt 0:00:22]} Rg3 {[%emt 0:00:12]} 41. f6 {[%emt 0:00:14]} Rg6 {[%emt 0:00:06]} 42. Qf7 {[%emt 0:00:19]} Nxf6 {[%emt 0:00:16]} 43. exf6 {[%emt 0:00:05]} Bxh6 {[%emt 0:00:10]} 44. Rxh6 {[%emt 0:00:29]} Rg1+ {[%emt 0:00:03]} 45. Kc2 {[%emt 0:00:03]} Rg2+ {[%emt 0:00:02]} 46. Kc3 {[%emt 0:00:13]} Rg3+ {[%emt 0:00:06]} 47. Kb4 {[%emt 0:00:06]} a5+ {[%emt 0:00:08]} 48. Ka4 {[%emt 0:00:15]} b5+ {[%emt 0:00:27]} 49. Kxb5 {[%emt 0:00:18]} Rg5+ {[%emt 0:00:07]} 50. Ka4 {[%emt 0:00:06]} Rd7 {[%emt 0:00:14]} 51. Rxh7# {[%emt 0:00:08]} 1-0

[Event "African Online-ch U20-Open 2021"]
[Site "Online"]
[Date "2021.02.01"]
[Round "2.19"]
[White "Meise, Keagen"]
[Black "Oosthuizen, Michal Jacobus"]
[Result "0-1"]
[WhiteElo "1200"]
[BlackElo "1920"]
[Annotator "TA"]
[PlyCount "116"]
[EventDate "2021.02.01"]
[EventType "swiss"]
[EventCountry "NET"]
[SourceTitle "playchess.com"]
[Source "ChessBase"]
[SourceQuality "1"]

{[%evp 13,115,4,1,-40,-40,-108,-136,-202,-171,-189,-185,-183,-161,-164,-166,-241,-298,-737,-738,-724,-723,-830,-784,-797,-779,-1206,-1175,-2258,-2014,-1895,-1898,-5389,-1217,-1185,-1063,-1439,-1436,-1437,-1370,-1204,-1177,-1178,-973,-964,-941,-914,-589,-595,-595,-595,-577,-573,-587,-684,-685,-856,-856,-822,-721,-693,-664,-806,-785,-754,-710,-822,-800,-935,-875,-858,-857,-919,-825,-1177,-1260,-29983,-29981,-29981,-29977,-29981,-29982,-29990,-29991,-29992,-29993,-29993,-29994,-29994,-29995,-29995,-29995,-29995,-29996,-29996,-29997,-29998,-29997,-29998,-29996,-29997,-29998,-29998,-29999,-29999]} 1. d4 Nf6 2. c4 g6 3. Nc3 Bg7 4. e4 d6 5. f4 O-O 6. Nf3 c5 7. d5 e6 8. h3 {E76: King's Indian: Four Pawns Attack: Lines specific to 6 Nf3 move-order.} exd5 9. cxd5 (9. exd5 $15 Bf5 10. Be2) 9... Re8 $17 10. Qc2 {[#]} (10. e5 $17 {is a better defense.}) 10... Bf5 $146 {[%cal Rf6e4]} ({Predecessor:} 10... Nxe4 11. Nxe4 f5 12. Bd3 fxe4 13. Bxe4 Bf5 14. Ng5 Bxe4 15. Nxe4 Qe7 {0-1 (15) Talberg,K-Mathisen,P Alta 2001}) 11. Nd2 {[#]} Nxe4 $1 {[%mdl 512]} 12. Ncxe4 Bxe4 13. Nxe4 {Strongly threatening Kf2.} f5 {[%mdl 64] Pin} 14. Bd3 (14. Be2 {was called for.} Rxe4 15. O-O) 14... fxe4 $19 15. Bb5 (15. Bc4) 15... Qa5+ {[%mdl 64] [#] Double Attack} 16. Bd2 Qxb5 17. O-O-O Nd7 18. Rhe1 Nb6 19. b3 c4 20. Rxe4 cxb3 21. Rxe8+ Rxe8 22. Qxb3 Qc5+ 23. Kb1 Qd4 24. Ba5 Qa1+ 25. Kc2 Rc8+ 26. Kd3 Qd4+ 27. Ke2 Re8+ 28. Kf3 Qe4+ 29. Kg3 Qe3+ 30. Qxe3 Rxe3+ 31. Kf2 Ra3 32. Bxb6 Rxa2+ 33. Kg3 axb6 {[%mdl 4096] Endgame KRB-KR} 34. Re1 Ra3+ 35. Kh2 Kf7 36. Re6 Bf8 37. Re4 b5 38. Rb4 Ra5 39. g4 Bg7 40. Kg3 h6 41. Rb3 g5 42. fxg5 hxg5 43. Rf3+ Kg6 {...b4 is the strong threat.} 44. h4 gxh4+ {Black mates.} 45. Kxh4 Bf6+ 46. Kg3 b4 47. Rd3 Ra3 48. Rxa3 bxa3 {KB-KPP} 49. Kf4 a2 50. Ke4 a1=Q 51. g5 Qd4+ 52. Kf3 Bxg5 53. Kg3 Qe3+ 54. Kg4 Qf4+ 55. Kh3 Kf5 56. Kg2 Kg4 57. Kh1 Kg3 {[%cal Rf4f1]} 58. Kg1 Qc1# {White got outplayed after the opening.  Weighted Error Value: White=1.54/Black=0.86} 0-1

[Event "African Online-ch U20-Open 2021"]
[Site "Online"]
[Date "2021.02.01"]
[Round "2.20"]
[White "Spink, Benjamin M"]
[Black "Shah, Darshan Samir"]
[Result "1-0"]
[WhiteElo "2110"]
[BlackElo "1502"]
[Annotator "TA"]
[PlyCount "35"]
[EventDate "2021.02.01"]
[EventType "swiss"]
[EventCountry "NET"]
[SourceTitle "playchess.com"]
[Source "ChessBase"]
[SourceQuality "1"]

{[%evp 9,34,37,68,47,49,43,54,42,95,55,110,59,68,22,129,0,0,0,29996,29997,29997,29998,29998,29997,29998,29999,29999]} 1. e4 e6 2. d4 d5 3. Nc3 Nc6 4. e5 a6 {[#]} 5. Be3 $146 ({Predecessor:} 5. Nf3 f6 6. Ne2 fxe5 7. dxe5 Nh6 8. Nf4 Nf7 9. Nd3 g6 10. h4 Bg7 11. Bf4 h6 12. Qd2 {1-0 (64) Karjakin,S (2762)-Bauer,C (2623) Skopje 2015}) 5... Bb4 6. a3 {C10: French with 3 Nc3: Unusual Black 3rd moves and 3...dxe4.} Bxc3+ 7. bxc3 Nge7 8. Bd3 {White is slightly better.} O-O (8... Nf5 $14) 9. Qg4 Nf5 (9... f6 $14) 10. Bg5 (10. Qh3 $16) 10... Qe8 11. Bf6 {Bxf5 is the strong threat.} Kh8 (11... Nce7 $1 $11 {remains equal.}) 12. Bxf5 $16 {[%csl Gf6][%cal Rg4g7]} gxf6 13. Bxh7 $40 {[%mdl 128] Intending Qh4 and mate. White mounts an attack.} Kxh7 $2 {[%mdl 8192] [#]} (13... fxe5 $11 14. O-O-O (14. Qh5 Kg7 $11) 14... e4) 14. exf6 {[%csl Gf6][%cal Rg4g7] White mates.} Kh6 15. Qg7+ Kh5 16. g4+ Kh4 17. h3 {[%cal Rg7h6]} e5 18. Nf3# {Weighted Error Value: White=0.18/Black=1.02} 1-0

[Event "African Online-ch U20-Open 2021"]
[Site "Online"]
[Date "2021.02.01"]
[Round "2.24"]
[White "Masaiti, Gideon"]
[Black "Tong, William M"]
[Result "0-1"]
[WhiteElo "1442"]
[BlackElo "1985"]
[Annotator "TA"]
[PlyCount "106"]
[EventDate "2021.02.01"]
[EventType "swiss"]
[EventCountry "NET"]
[SourceTitle "playchess.com"]
[Source "ChessBase"]
[SourceQuality "1"]

{[%evp 19,106,-17,20,-58,-7,-42,-36,-247,-133,-120,-132,-322,-206,-315,-306,-572,-574,-628,-510,-510,-483,-391,-335,-1050,-1061,-1014,-1007,-1020,-1012,-1004,-1002,-1587,-901,-29987,-29986,-29987,-1197,-5847,-5714,-5265,-5239,-5042,-4161,-7012,-6249,-29988,-29985,-29984,-29985,-29986,-29987,-29987,-29988,-29988,-29989,-29989,-29990,-29990,-29991,-29994,-29991,-29991,-29990,-29992,-29993,-29996,-29994,-29994,-29993,-29999,-29994,-29995,-29994,-29994,-29993,-29993,-29994,-29994,-29995,-29995,-29996,-29997,-29998,-29998,-29998,-29998,-29998,-29998,-29999]} 1. e4 c5 2. Nf3 Nc6 3. d4 cxd4 4. Nxd4 Nf6 5. Nc3 e5 6. Ndb5 d6 7. f3 a6 8. Na3 b5 9. Nd5 Be7 10. Be3 Rb8 11. Qd2 {B33: Sicilian: Pelikan and Sveshnikov Variations.} (11. c4 $11) 11... O-O (11... Nxd5 $1 $15 12. Qxd5 Qc7) 12. O-O-O Nxd5 {[#]} 13. Qxd5 $146 ({White has to play} 13. exd5 $15 Nd4 14. Bxd4 exd4 15. Qxd4) ({Predecessor:} 13. exd5 Na5 14. Qb4 Bf5 15. g4 Bg6 16. h4 h6 17. Bd3 Rc8 18. b3 Nb7 19. g5 Bxd3 20. Rxd3 hxg5 21. Qg4 Qa5 22. b4 Qa4 23. hxg5 Bxg5 24. Bxg5 Rc7 25. Bf6 {1-0 (25) Bashchak,K-Stakh,A Ilichevsk 2006}) 13... Bb7 (13... Nd4 $19 14. Bxd4 Be6) 14. Qd2 $17 {[#]} Qc7 $1 15. g4 $2 (15. c3 $17) 15... Rfd8 {Hoping for ...d5!} 16. h4 (16. Qf2 $142 Nd4 17. Bd3) 16... d5 $19 {White must now prevent ...dxe4.} 17. exd5 (17. Qf2 dxe4 18. Rxd8+ Nxd8 19. fxe4) 17... Nb4 18. Qf2 {intending Bb6.} Nxd5 19. Rd3 b4 20. Nb1 Nxe3 21. Rxd8+ $2 (21. Qxe3 Rdc8 22. Rd2) 21... Rxd8 {[%csl Ge3][%cal Rd8d1]} (21... Bxd8 $2 22. Qxe3 Qb6 23. Qxb6 $17) 22. Qxe3 Bc5 23. Qe2 e4 24. Nd2 Qf4 25. Bg2 Be3 26. Rd1 exf3 27. Bxf3 Qxf3 (27... Bxf3 $142 28. Qf1 Bxd2+ 29. Kb1 Qxg4 30. Qg1 Bxd1 31. Qxg4 Bxg4 32. a3 {[#]} Bc3 $1 {[%mdl 512]} 33. bxc3 bxc3 34. a4 Rd1+ 35. Ka2 Be6+ 36. Ka3 a5 37. h5 Ra1#) 28. Qxf3 Bxf3 29. Rf1 Bxd2+ 30. Kb1 Bxg4 31. a3 bxa3 32. b3 f5 {Black mates.} 33. Ka2 f4 34. Rg1 h5 35. Kxa3 f3 36. Kb2 f2 37. Rf1 Be1 38. c4 Be2 39. Rh1 f1=Q 40. Rxf1 Rd2+ 41. Ka3 Bxf1 42. c5 g5 43. c6 Rc2 44. Ka4 Rxc6 45. hxg5 h4 46. b4 Bxb4 {[%mdl 64] Promotion} 47. Kxb4 h3 48. g6 h2 49. g7 h1=Q 50. Ka5 Qd5+ 51. Ka4 Rc4+ 52. Ka3 Qd3+ 53. Kb2 Rc2+ {Weighted Error Value: White=1.39/Black=0.64} 0-1

[Event "African Online-ch U20-Open 2021"]
[Site "Online"]
[Date "2021.02.01"]
[Round "3.1"]
[White "Bidi, Abdeljalil"]
[Black "Lutuima, Amaro"]
[Result "0-1"]
[WhiteElo "1750"]
[BlackElo "2050"]
[Annotator "TA"]
[PlyCount "70"]
[EventDate "2021.02.01"]
[EventType "swiss"]
[EventCountry "NET"]
[SourceTitle "playchess.com"]
[Source "ChessBase"]
[SourceQuality "1"]

{[%evp 18,70,3,-43,103,46,88,31,135,58,45,29,92,53,115,57,81,78,76,32,38,23,16,0,8,0,-21,-22,0,0,0,-116,-83,-114,-123,-119,-88,-177,-149,-302,-299,-377,-268,-420,-421,-414,-417,-391,-397,-393,-381,-668,-431,-29989,-29990]} 1. e4 Nf6 2. e5 Nd5 3. d4 d6 4. c4 Nb6 5. exd6 cxd6 6. Nf3 g6 7. Nc3 Bg7 8. Be3 Nc6 9. h3 O-O 10. Be2 h6 {B04: Alekhine's Defence: 4 Nf3.} (10... d5 $15) 11. O-O (11. Qd2 $16) 11... Kh7 12. Rc1 (12. Qb3 $16) 12... Bf5 (12... e5 $14) 13. Qd2 {[#]} (13. d5 $16 Ne5 14. Nxe5 Bxe5 15. f4) 13... d5 $146 ({Predecessor:} 13... e5 14. Rfd1 Qe7 15. d5 Nb8 16. b4 g5 17. c5 N6d7 18. Nb5 Na6 19. Nxd6 Bg6 20. Nxb7 Ndb8 21. c6 Nxb4 22. Bc5 {1-0 (22) Bennett,H (2001)-Brockman,R (1743) Parramatta 2010}) 14. c5 Nc8 (14... Nc4 $11 {remains equal.} 15. Bxc4 dxc4) 15. a3 a5 ({Better is} 15... e6 $14) 16. Nb5 (16. Rcd1 $16) 16... Be4 17. Ne1 Bf5 18. Bf3 N8a7 19. Nxa7 Rxa7 20. b4 axb4 21. axb4 Ra4 22. g4 Be4 23. Bxe4 dxe4 24. Nc2 (24. d5 $1 $11 Ne5 25. f4) 24... e6 25. Ra1 Rxa1 26. Rxa1 {[#]} Qh4 $1 {[%cal Rh4h3]} 27. Kh2 (27. b5 $17 Ne7 28. Qe2) 27... Rd8 28. Qc3 $2 {[#] White does not recover from this.} (28. f4 $17) 28... f5 $1 $19 29. Rg1 e5 {[%cal Re5d4]} 30. gxf5 (30. d5 {was the only defense.} Nd4 31. Bxd4 (31. Nxd4 $2 exd4 32. Bxd4 Rxd5 $19) 31... exd4 32. Qg3) 30... exd4 31. fxg6+ Kh8 32. Nxd4 Nxd4 33. Bxd4 Rxd4 34. Rg3 $2 (34. Qg3 Qxg3+ 35. Kxg3) 34... Qf4 35. Qb2 (35. Qe3 $19 Qxe3 36. Rxe3) 35... Rd2 {[%mdl 64] Discovered Attack.  Weighted Error Value: White=0.98/Black=0.35} 0-1

[Event "African Online-ch U20-Open 2021"]
[Site "Online"]
[Date "2021.02.01"]
[Round "3.2"]
[White "Celso Andre Manjate"]
[Black "Mhango, Banele"]
[Result "0-1"]
[WhiteElo "1721"]
[BlackElo "2117"]
[Annotator "TA"]
[PlyCount "108"]
[EventDate "2021.02.01"]
[EventType "swiss"]
[EventCountry "NET"]
[SourceTitle "playchess.com"]
[Source "ChessBase"]
[SourceQuality "1"]

{[%evp 17,107,-7,0,-10,-10,-18,0,-8,0,1,-13,-12,-35,-35,-31,-24,-22,-44,36,-214,-216,-200,-88,-104,-74,-213,-196,-189,-172,-172,-187,-187,-183,-216,-139,-141,-110,-209,-209,-198,-171,-215,-219,-246,-178,-163,-141,-983,-971,-929,-914,-769,-619,-1080,-908,-2305,-737,-695,-652,-780,620,-29976,-29978,-29970,-29972,-29982,-29983,-29999,-381,-362,-318,-309,-363,-363,-344,-333,-285,-271,-150,-150,-145,-54,-160,-585,-523,-450,-427,-29995,-29996,-29997,-29998,-29999]} 1. e4 c5 2. Nf3 e6 3. d4 cxd4 4. Nxd4 a6 5. Nc3 Qc7 6. Be3 Nf6 7. a3 b5 8. Bd3 Bb7 9. O-O d6 10. f4 {B43: Sicilian: Kan Variation: 5 Nc3.} Nbd7 11. Rc1 Nc5 12. Qf3 {The position is equal.} Be7 13. b4 Ncd7 {[%cal Bc5d7,Bd7b6,Bb6c4][%mdl 32] [#]} 14. Nce2 $146 {aiming for c4.} ({Predecessor:} 14. Nb1 d5 15. e5 Ne4 16. Nd2 Nxd2 17. Bxd2 g6 18. Nb3 Rc8 19. Qf2 Nb6 20. Be3 {0-1 (50) Edouard,R (2509)-Sachdev,T (2423) Lyon 2008}) 14... Nb6 15. g4 Nc4 16. g5 Nd7 17. f5 e5 {[#]} (17... Nde5 $15 18. Qg3 Nxe3 19. Qxe3 h6 20. fxe6 Bxg5 21. exf7+ Qxf7 $1) 18. Ne6 $2 fxe6 $19 19. fxe6 O-O-O 20. exd7+ $17 Rxd7 21. a4 (21. Qh3 $17) 21... bxa4 $19 22. Ng3 g6 23. Qe2 Nxe3 24. Qxe3 d5 $36 {[%mdl 2048] White is under strong pressure.} 25. c4 d4 26. Qd2 Qd8 27. h4 (27. Qc2 $17) 27... Rc7 28. c5 Kb8 29. Qc2 Qd7 30. Ra1 h6 31. Rxa4 hxg5 32. hxg5 {[%mdl 8192]} (32. h5 $17 Qg4 33. Qg2 gxh5 34. Bxa6) 32... Qg4 33. Qg2 Bxg5 34. Rf3 Be3+ 35. Kf1 Rh3 36. Bxa6 {[#]} Bf4 (36... Rf7 $142 $3 {[%mdl 512]} 37. Ke2 (37. Be2 Bxe4) 37... Bxe4 38. Nxe4 Qxg2+ 39. Kd3 Qxf3 40. Ra2 Qf1+ 41. Kc2 Qg2+ {[%mdl 64] Double Attack} 42. Kb3 Bf4+ 43. Bd3 Qxe4 44. Rd2 Bxd2 45. Kc4 Rxd3 46. b5 Ra3 47. c6 d3+ 48. Kc5 Qd4#) 37. Bxb7 Rxb7 38. Raa3 {Threatens to win with Qa2.} Rxb4 $4 {[%mdl 8192] [#]} (38... Rxg3 $19 39. Rxg3 Qd1+ 40. Kf2 Be3+ 41. Raxe3 dxe3+ 42. Rxe3 Qd2+ {[%mdl 64] Double Attack} 43. Re2 Rf7+ 44. Qf3 Rxf3+ 45. Kxf3 Qxb4) 39. Rab3 $4 {[%mdl 8192]} (39. Qa2 $1 $18 Qxf3+ {[%mdl 64] Remove Defender} 40. Rxf3 Rxg3 41. Qg8+ Ka7 42. Rxg3 Bxg3 43. c6) 39... Rxb3 40. Rxb3+ Kc7 41. Qa2 Qd1+ 42. Kf2 Bxg3+ $2 (42... Rh2# {mates}) 43. Rxg3 {[%mdl 4096] Endgame KQR-KQR} Rh2+ {[%mdl 64] Skewer} 44. Rg2 Rxg2+ 45. Kxg2 {KQ-KQ} Qg4+ {[%mdl 64] Double Attack} 46. Kh2 Qh4+ 47. Kg1 Qxe4 (47... Qg5+ $19 48. Kf1 Qf4+ 49. Kg1 Qe3+ 50. Kh2 Qf4+ 51. Kg1 Qg4+ 52. Kf2 Qh4+ 53. Kg1 Qg3+ 54. Kh1 Qh4+ 55. Kg1) 48. Qa5+ $17 Kd7 {And now ...d3 would win.} 49. Qa7+ Ke6 ({Better is} 49... Kc8 $15 50. Qa6+ Qb7 51. Qe6+ Qd7 52. Qxg6 Qd5 53. Qa6+ Kd7 54. Qa7+ Kc8) 50. Qa6+ $2 (50. Qb6+ $17 Kf5 51. c6 Qe1+ 52. Kg2 Qd2+ 53. Kf1 Qd3+ 54. Kg2 Qc2+ 55. Kg3 Qd3+ 56. Kg2 Qc2+ 57. Kf1 Qc1+ 58. Kg2 Qg5+ 59. Kf2 Qe3+ 60. Kg2 Qe4+ 61. Kf1 Qf3+ 62. Kg1 Qg4+ 63. Kh2 Qh5+ 64. Kg2 Qe2+ 65. Kg3 Qe3+ 66. Kg2 Qe4+ 67. Kf1 Qf4+ 68. Kg2 Qg5+ 69. Kh2 Qh5+ 70. Kg3 Qg5+ 71. Kh2 Qh5+) 50... Kf5 $19 {Hoping for ...d3.} 51. Qf1+ Kg4 52. Qd1+ (52. Qc1 $19 Kf3 53. Qf1+ Kg3 54. Qf2+ Kh3 55. Qf1+ Kg3 56. Qf2+ Kg4 57. Kh2) 52... Kg3 {[%csl Gg3][%cal Re4g2] Black mates.} 53. Qb3+ d3 {[%csl Gg3][%cal Re4g2]} (53... Qe3+ 54. Qxe3+ dxe3 55. Kf1 Kf4 56. c6 Kf3 57. c7 g5 58. c8=Q e2+ 59. Ke1) 54. Qf7 Qg2# {Weighted Error Value: White=0.98/Black=0.62} 0-1

[Event "African Online-ch U20-Open 2021"]
[Site "Online"]
[Date "2021.02.01"]
[Round "3.3"]
[White "Beghriche, Rami Tadjeddine"]
[Black "Junior, Domingos"]
[Result "1-0"]
[WhiteElo "1783"]
[BlackElo "1894"]
[Annotator "NA RC"]
[PlyCount "69"]
[EventDate "2021.02.01"]
[EventType "swiss"]
[EventCountry "NET"]
[SourceTitle "playchess.com"]
[Source "ChessBase"]
[SourceQuality "1"]
[TimeControl "1500+10"]

1. Nf3 {[%emt 0:00:00]} Nf6 {[%emt 0:00:04]} 2. b3 {[%emt 0:00:07]} g6 {[%emt 0:00:08]} 3. Bb2 {[%emt 0:00:09]} Bg7 {[%emt 0:00:01]} 4. d4 {[%emt 0:00:07]} O-O {[%emt 0:00:09]} 5. e3 {[%emt 0:00:02]} d6 {[%emt 0:00:23]} 6. Be2 {[%emt 0:00:19]} Nbd7 {[%emt 0:00:04]} 7. c4 {[%emt 0:00:06]} e5 {[%emt 0:00:46]} 8. O-O {[%emt 0:00:10]} Re8 {[%emt 0:00:26]} 9. Nc3 {[%emt 0:00:03]} c6 {[%emt 0:00:18]} 10. h3 {[%emt 0:00:15]} h6 {[%emt 0:00:33]} 11. Qc2 {[%emt 0:00:12]} Qc7 {[%emt 0:00:18]} 12. Rfd1 {[%emt 0:00:30]} Nf8 {[%emt 0:00:16]} 13. dxe5 {[%emt 0:00:21]} dxe5 {[%emt 0:00:07]} 14. Ba3 {[%emt 0:00:02]} N6d7 {[%emt 0:10:15]} 15. Bd6 {[%emt 0:00:24]} Qd8 {[%emt 0:00:27]} 16. c5 {[%emt 0:00:09]} Ne6 {[%emt 0:00:56]} 17. Bxe5 {[%emt 0:00:20]} Nexc5 {[%emt 0:00:46]} 18. Bxg7 {[%emt 0:00:29]} Kxg7 {[%emt 0:00:05]} 19. b4 {[%emt 0:00:04]} Ne6 {[%emt 0:00:25]} 20. Ne4 {[%emt 0:00:05]} Qe7 {[%emt 0:00:30]} 21. Qb2+ {[%emt 0:00:08]} f6 {[%emt 0:00:04]} 22. Nh4 {[%emt 0:00:22]} Nb6 {[%emt 0:00:42]} 23. Nd6 {[%emt 0:00:22]} Nc7 {[%emt 0:00:57]} 24. Bh5 {[%emt 0:00:18]} Nbd5 {[%emt 0:02:57]} 25. Qc2 {[%emt 0:00:23]} f5 {[%emt 0:00:40]} 26. Nxe8+ {[%emt 0:00:15]} Nxe8 $18 {[%emt 0:00:09]} 27. Nxg6 {[%emt 0:00:34]} Qg5 {[%emt 0:00:37]} 28. Qc5 {[%emt 0:01:04]} Qxh5 {[%emt 0:02:33]} 29. Qf8+ {[%emt 0:00:21]} Kh7 {[%emt 0:00:29]} 30. Qh8+ {[%emt 0:00:05]} Kxg6 {[%emt 0:00:03]} 31. Qxe8+ {[%emt 0:00:02]} Kg5 {[%emt 0:00:04]} 32. f4+ {[%emt 0:00:02]} Kh4 {[%emt 0:00:05]} 33. g3+ {[%emt 0:00:06]} Kxg3 {[%emt 0:00:30]} 34. Qxh5 {[%emt 0:00:04]} Bd7 {[%emt 0:00:21]} 35. Rf1 {[%emt 0:00:02]} 1-0